[Event "Mumbai Wealth op U13 4th"]
[Site "Mumbai"]
[Date "2019.01.01"]
[Round "3"]
[White "Anurag, Panigrahi"]
[Black "Freeyah, Golia"]
[Result "1-0"]
[WhiteElo "1315"]
[BlackElo "1070"]
[PlyCount "123"]
[EventDate "2018.12.30"]
[EventType "swiss"]
[EventRounds "9"]
[EventCountry "IND"]
[SourceTitle "CBM 188 Extra"]
[Source "ChessBase"]
[SourceDate "2019.02.26"]
[SourceVersion "1"]
[SourceVersionDate "2019.02.26"]
[SourceQuality "1"]

1. e4 d5 2. Nf3 dxe4 3. Ng5 Nf6 4. d3 e5 5. Nd2 Nc6 6. Ngxe4 Bf5 7. c3 Be7 8. Be2 0-0 9. 0-0 Qd7 10. Qc2 Rad8 11. Nf3 Nxe4 12. dxe4 Bg6 13. Bb5 a6 14. Nxe5 Qd6 15. Nxg6 hxg6 16. Be2 Rfe8 17. Be3 Bf6 18. f4 Qe6 19. Bf3 Rd7 20. b3 b5 21. Rae1 b4 22. f5 Qe5 23. cxb4 Nxb4 24. Qc4 Qb5 25. fxg6 Qxc4 26. bxc4 Nc2 27. gxf7+ Kxf7 28. Bh5+ g6 29. Bg5 Re6 30. Bg4 Nxe1 31. Bxe6+ Kxe6 32. Rxf6+ Ke5 33. Rxa6 Kxe4 34. Re6+ Kf5 35. Rxe1 Kxg5 36. a4 Rd4 37. a5 Rxc4 38. Ra1 Rd4 39. a6 Rd8 40. a7 Ra8 41. Kf2 Kf4 42. Ke2 Ke4 43. Kd2 Kd4 44. h4 Ke4 45. g4 Kf4 46. h5 gxh5 47. gxh5 Kg5 48. Kd3 Kxh5 49. Kc4 Kg5 50. Kc5 Kf6 51. Kc6 Ke7 52. Kxc7 Rd8 53. a8Q Rxa8 54. Rxa8 Kf6 55. Re8 Kg5 56. Rf8 Kh4 57. Rg8 Kh5 58. Kd6 Kh6 59. Ke6 Kh5 60. Kf6 Kh4 61. Kf5 Kh5 62. Rh8# 1-0

[Event "Mumbai Wealth op U13 4th"]
[Site "Mumbai"]
[Date "2018.12.31"]
[Round "2"]
[White "Arhan, Chethan Anand"]
[Black "Anurag, Panigrahi"]
[Result "1-0"]
[WhiteElo "1710"]
[BlackElo "1315"]
[PlyCount "113"]
[EventDate "2018.12.30"]
[EventType "swiss"]
[EventRounds "9"]
[EventCountry "IND"]
[SourceTitle "CBM 188 Extra"]
[Source "ChessBase"]
[SourceDate "2019.02.26"]
[SourceVersion "1"]
[SourceVersionDate "2019.02.26"]
[SourceQuality "1"]

1. d4 d5 2. c4 e6 3. Nc3 c5 4. cxd5 exd5 5. Nf3 Nf6 6. Bg5 cxd4 7. Nxd4 Nc6 8. e3 Be7 9. Be2 0-0 10. 0-0 h6 11. Bh4 Nxd4 12. Qxd4 Bf5 13. Bf3 Qd7 14. Rfd1 Rfd8 15. Rac1 Ne4 16. Nxd5 Bxh4 17. Bxe4 Bxe4 18. Qxe4 Qe6 19. Qxe6 fxe6 20. Nc3 Bf6 21. g3 Bxc3 22. Rxd8+ Rxd8 23. Rxc3 Rd2 24. Rb3 b6 25. Ra3 Rxb2 26. Rxa7 Kh7 27. a4 Kg6 28. a5 bxa5 29. Rxa5 Kf6 30. Kg2 Rc2 31. g4 Rb2 32. Kg3 Rc2 33. h4 Rb2 34. f3 Rb4 35. e4 g5 36. e5+ Kg6 37. h5+ Kf7 38. Ra7+ Kg8 39. Re7 Rb6 40. Kf2 Rb2+ 41. Ke3 Rb3+ 42. Ke4 Rb4+ 43. Kd3 Rb3+ 44. Kd4 Rxf3 45. Rxe6 Rf4+ 46. Kd5 Rxg4 47. Rxh6 Kf7 48. Rh7+ Kf8 49. h6 Rg1 50. Ke6 Kg8 51. Rg7+ Kf8 52. Kf6 g4 53. h7 Rf1+ 54. Kg6 Rh1 55. Rg8+ Ke7 56. h8Q Rxh8 57. Rxh8 1-0